[Event "Balatonalmadi Pannonia Cup 15th"]
[Site "Balatonalmadi"]
[Date "2010.07.30"]
[Round "4"]
[White "Zilahi, Gabor"]
[Black "Zentai, Peter"]
[Result "1/2-1/2"]
[WhiteElo "1959"]
[BlackElo "2327"]
[PlyCount "47"]
[EventDate "2010.07.28"]
[EventType "swiss"]
[EventRounds "7"]
[EventCountry "HUN"]
[SourceTitle "EXT 2016"]
[Source "ChessBase"]
[SourceDate "2015.10.08"]
[SourceVersion "1"]
[SourceVersionDate "2015.10.08"]
[SourceQuality "1"]

1. d4 d6 2. Nf3 Bg4 3. c4 c6 4. Qb3 Qb6 5. Qxb6 axb6 6. Nc3 Nd7 7. e4 e5 8. Be3 Ngf6 9. Be2 Be7 10. 0-0 0-0 11. Rfe1 Rfe8 12. Rad1 Bf8 13. d5 Nc5 14. Nd2 Bxe2 15. Rxe2 Nfd7 16. f3 g6 17. g4 Nd3 18. Nf1 Nf4 19. Red2 Be7 20. Ng3 c5 21. b3 Kg7 22. Kh1 h6 23. Nb5 Red8 24. a4 1/2-1/2

[Event "HUN-chT2 Erkel 0910"]
[Site "Hungary"]
[Date "2010.05.02"]
[Round "11.1"]
[White "Cseke, Richard"]
[Black "Zentai, Peter"]
[Result "1-0"]
[WhiteElo "2291"]
[BlackElo "2303"]
[PlyCount "81"]
[EventDate "2009.11.08"]
[EventType "team-tourn"]
[EventRounds "11"]
[EventCountry "HUN"]
[SourceTitle "EXT 2011"]
[Source "ChessBase"]
[SourceDate "2010.11.26"]
[SourceVersion "1"]
[SourceVersionDate "2010.11.26"]
[SourceQuality "1"]
[WhiteTeam "Vaci"]
[BlackTeam "Pestszentlorinc"]
[WhiteTeamCountry "HUN"]
[BlackTeamCountry "HUN"]

1. d4 d5 2. c4 c6 3. cxd5 cxd5 4. Nc3 Nf6 5. Bf4 Nc6 6. e3 a6 7. Bd3 Bg4 8. f3 Bh5 9. g4 Bg6 10. h4 e6 11. h5 Bxd3 12. Qxd3 Bd6 13. Nge2 h6 14. Kf2 Rc8 15. Rac1 Bxf4 16. exf4 Qd6 17. Na4 Ke7 18. Nc5 Rc7 19. a3 Na5 20. b3 Rhc8 21. g5 Ne8 22. g6 f6 23. Rhe1 Kf8 24. Ng3 Kg8 25. b4 b6 26. Rxe6 Qxf4 27. Rce1 Nd6 28. Qe3 Qxe3+ 29. R1xe3 Nac4 30. Re2 bxc5 31. dxc5 Kf8 32. cxd6 Rd7 33. Nf5 Rcd8 34. Rc2 Re8 35. Re7 Red8 36. Nxg7 Nxd6 37. Rxd7 Rxd7 38. Ne6+ Ke7 39. Nd4 f5 40. Re2+ Kf6 41. Re6+ 1-0

[Event "HUN-chT2 Erkel 0910"]
[Site "Hungary"]
[Date "2010.04.11"]
[Round "9.1"]
[White "Bandy, Attila"]
[Black "Zentai, Peter"]
[Result "1/2-1/2"]
[WhiteElo "2300"]
[BlackElo "2303"]
[PlyCount "131"]
[EventDate "2009.11.08"]
[EventType "team-tourn"]
[EventRounds "11"]
[EventCountry "HUN"]
[SourceTitle "EXT 2011"]
[Source "ChessBase"]
[SourceDate "2010.11.26"]
[SourceVersion "1"]
[SourceVersionDate "2010.11.26"]
[SourceQuality "1"]
[WhiteTeam "Godollo"]
[BlackTeam "Pestszentlorinc"]
[WhiteTeamCountry "HUN"]
[BlackTeamCountry "HUN"]

1. d4 d5 2. Nf3 Nf6 3. Bf4 c5 4. Bxb8 Rxb8 5. c3 Qb6 6. Qb3 e6 7. Nbd2 Bd6 8. e3 0-0 9. Qxb6 axb6 10. Bd3 Bd7 11. 0-0 Rfc8 12. Rfe1 Bc6 13. Rad1 Ra8 14. a3 Rd8 15. Bc2 Rac8 16. Bb3 Bb5 17. Rc1 Bd3 18. Bc2 Bb5 19. g3 h6 20. Rcd1 g6 21. Kg2 Kg7 22. Rc1 Rc7 23. Bb3 Rdc8 24. Kg1 Bd3 25. Bc2 Bb5 26. Bb1 Rd8 27. Rcd1 Ba4 28. Rc1 Bb5 29. h3 Rdc8 30. Kg2 Rd8 31. Ba2 Rdc8 32. Kh2 Bd3 33. Kg1 Bf5 34. Kg2 Bd3 35. Kh2 Kh7 36. Bb1 Bb5 37. e4 dxe4 38. Nxe4 Be7 39. dxc5 bxc5 40. Rcd1 Ba4 41. Rd2 Rd8 42. Rxd8 Bxd8 43. Ne5 Nxe4 44. Rxe4 Bb3 45. Re2 Kg7 46. Rd2 Bf6 47. Ng4 Be7 48. Ne3 Ba4 49. Be4 h5 50. Nc4 h4 51. Na5 b6 52. Nc4 b5 53. Na5 hxg3+ 54. Kxg3 b4 55. cxb4 cxb4 56. axb4 f5 57. Bb1 e5 58. b3 Bxb4 59. Rc2 Bxa5 60. Rxc7+ Bxc7 61. bxa4 e4+ 62. Kg2 Kf6 63. f3 exf3+ 64. Kxf3 g5 65. Ba2 Ke5 66. Bc4 1/2-1/2

[Event "HUN-chT2 Erkel 0910"]
[Site "Hungary"]
[Date "2010.01.31"]
[Round "5.1"]
[White "Zentai, Peter"]
[Black "Ortel, Endre"]
[Result "1/2-1/2"]
[WhiteElo "2303"]
[BlackElo "2284"]
[PlyCount "74"]
[EventDate "2009.11.08"]
[EventType "team-tourn"]
[EventRounds "11"]
[EventCountry "HUN"]
[SourceTitle "EXT 2011"]
[Source "ChessBase"]
[SourceDate "2010.11.26"]
[SourceVersion "1"]
[SourceVersionDate "2010.11.26"]
[SourceQuality "1"]
[WhiteTeam "Pestszentlorinc"]
[BlackTeam "Foti"]
[WhiteTeamCountry "HUN"]
[BlackTeamCountry "HUN"]

1. d4 e6 2. c4 Nf6 3. Nc3 d5 4. Nf3 Be7 5. Bg5 h6 6. Bh4 0-0 7. e3 b6 8. Qc2 dxc4 9. Bxc4 Bb7 10. 0-0 Nbd7 11. Rfd1 Ne8 12. Bg3 Bd6 13. e4 Bxg3 14. hxg3 Qe7 15. Rac1 c5 16. dxc5 Nxc5 17. b4 Nd7 18. Qa4 Nb8 19. Rd2 Nd6 20. Bd3 Rc8 21. Rdc2 a6 22. Qb3 b5 23. a4 bxa4 24. Nxa4 Rxc2 25. Rxc2 Nc6 26. Nc5 Nb5 27. Qa4 Ncd4 28. Nxd4 Nxd4 29. Rc1 Bc6 30. Qa5 Qd6 31. Qb6 Rb8 32. Qxa6 Rxb4 33. Qc8+ Qf8 34. Qc7 Qb8 35. Qe7 Qf8 36. Qc7 Qb8 37. Qe7 Qf8 1/2-1/2